000 00663nam a2200229 i 4500
001 bg
245 0 0 _aMikroskopia elektronowa /
_cpod red. Andrzeja Barbackiego.
260 _aPoznań :
_bWydaw. Politechniki Poznańskiej,
_c2003.
300 _a110, [1] s. :
_bil. ;
_c24 cm.
504 _aBibliogr.
650 9 _aMikroskop elektronowy
650 9 _aMateriałoznawstwo
_xmetody
655 _aPodręczniki akademickie
700 1 _aBARBACKI, Andrzej.
_eRed.
020 _a8371435584
040 _cBPK
041 0 _apol
080 _a621.385.833:537.5:620.1](075.8)
920 _a83-7143-558-4
942 _cKS
008 s pl f |000 0 pol
999 _c43644
_d43644
856 _uhttp://koha.tu.koszalin.pl/cgi-bin/koha/opac-detail.pl?biblionumber=43644
_yKatalog online BPK